L'Home i la mar : aprofitament de recursos marins / Melcior Arcarons, Maite Arqué aprofitament de recursos marins / Melcior Arcarons, Maite Arqué
Publicado:
Barcelona :
Diputació de Barcelona. Servei d'Ensenyament i Investigació : Editorial Graó de Serveis Pedagògics ,
1985
Descripción Física:
59 p. : il. ; 20 x 21 cm
Colección:
Biblioteca de la classe ; 5
Otros Autores:
Arqué, Maite
Materias:
Recursos marins -- Ensenyament
MARC
| LEADER | 00000nam a2200000Ia 4500 | ||
|---|---|---|---|
| 001 | 1623 | ||
| 008 | 160829s1985 xx 000 0 cat d | ||
| 080 | |a C-1-379 | ||
| 100 | |a Arcarons, Melcior |9 34809 | ||
| 245 | |a L'Home i la mar : |b aprofitament de recursos marins / Melcior Arcarons, Maite Arqué | ||
| 260 | |a Barcelona : |b Diputació de Barcelona. Servei d'Ensenyament i Investigació : |b Editorial Graó de Serveis Pedagògics, |c 1985 | ||
| 300 | |a 59 p. : |b il. ; |c 20 x 21 cm | ||
| 490 | |a Biblioteca de la classe ; 5 | ||
| 650 | |a Recursos marins |x Ensenyament |9 34810 | ||
| 700 | |a Arqué, Maite |9 34811 | ||
| 710 | 1 | |a Barcelona (Catalunya : Província). |b Servei d'Ensenyament i Investigació |9 54366 | |
| 901 | |a Arxiu | ||
| 942 | |n 1 | ||
| 952 | |0 0 |1 0 |4 0 |6 C1379 |7 1 |9 46648 |a Arxiu |b Arxiu |d 2016-12-01 |l 0 |o C-1-379 |p 1623 |r 2016-12-01 00:00:00 |w 2016-12-01 |y ARXIU | ||
| 999 | |c 50441 |d 50441 | ||